How many german roller coaster can you quote? - Statistiques

Statistiques générales
  • Ce quiz a été pris 29 fois
  • Le résultat moyen est 50 sur 275
Statistiques - réponses
Hint Réponse % Correct
B&M Silver Star
100%
Mack rides Voltron
96%
Mack rides Blue fire
92%
B&M Black Mamba
88%
Intamin Taron
88%
Mack rides Cancan coaster
84%
Vekoma FLY
84%
Mack rides Euromir
80%
Mack rides Poseidon
80%
Intamin Expedition GeForce
72%
Mack rides Pegasus
72%
GCI Wodan Timburcoaster
68%
Vekoma Colorado Adventure
64%
Mack rides Atlantica Supersplash
60%
Gerstlauer Schwur des Karnan
60%
Intamin Colossos
56%
Maurer Winja's Fear
56%
Maurer Winja's Force
56%
Mack rides Alpenexpress Enzian
52%
Mack rides Arthur
52%
Mack rides Matterhorn Blitz
52%
B&M Flug der Damonen
48%
Gerstlauer Karacho
48%
B&M Krake
48%
Cordes Holzbau Mammut
48%
Vekoma Raik
48%
Premier rides Sky Scream
48%
Vekoma Hals uber Kopf
44%
Vekoma Crazy Bats
40%
Mack rides Dynamite
40%
GCI El Toro
40%
Gerstlauer Flucht von Novgorod
40%
RCCA Bandit
36%
Intamin Desert Race
36%
Schwarzkopf Nessie
36%
Mack rides Schweizer Bobbahn
36%
Mack Rides Star Trek : Operation Entreprise
36%
Vekoma Toxic Garden
32%
Gerstlauer Van Helsing's Factory
32%
Vekoma Volldampf
32%
Gerstlauer | SBF | Vekoma | +3 others Achterbahn
28%
B&M Maximus Der Flug des Wachters
28%
Intamin Studio Tour
28%
Vekoma Big Loop
24%
Sunkid Butterfly
24%
Gerstlauer G'sengte Sau
24%
Zierer Rasender
24%
Mack Rides | Wiegand Bobbahn
20%
Wiegand Bob-Bahn
20%
Interpark Cobra
20%
Mack rides Das Grosse Lego Rennen
20%
Maurer Freischutz
20%
Gerstlauer Huracan
20%
Vekoma Jimmy Neutron's Atomic Flyer
20%
Maurer Sky Wheel
20%
Zierer Tabalugas Achterbahn
20%
Ride Engineers Switzerland Wilde Hilde
20%
SBF African Spin
16%
Maurer Crazy Mine
16%
Gerstlauer FirleFranz
16%
Zierer Force One
16%
Mack rides Grottenblitz
16%
Wiegand Hasenhorn Coaster
16%
Wiegand Hummel Brummel
16%
Vekoma Iron Claw
16%
abc rides K2
16%
Mack rides Miniwah
16%
Wiegand Rodelbahn
16%
Vekoma Royal Scotsman
16%
Maurer Sky Dragster
16%
Caripro Sky Rider
16%
Brandauer | Wiegand SommerRodelbahn
16%
Wiegand Sommerrodelbahn
16%
Vekoma Backyardigans Mission to Mars
12%
Wiegand Brocken coaster
12%
SBF Erdbeer Raupenbahn
12%
SBF Doggy dog
12%
Zierer Drachen Hohle
12%
Gerstlauer Drachenjagd
12%
Wiegand Eifel Coaster
12%
SBF Erdbeer Raupenbahn
12%
Zierer Feuerdrache
12%
Vekoma Fluch des Kraken
12%
Mack Rides Ghost Chasers
12%
Gerstlauer Gipfelsturmer
12%
Gerstlauer Heisse Fahrt
12%
Wiegand Hexenbesen
12%
Zierer Indy Blitz
12%
Maurer Kapt'n Jack's Wilde Maus
12%
Preston & Barbieri Kleine Zar
12%
Zierer Raupen Express
12%
Gerstlauer Schlange von midgard
12%
Soquet Schmetterling
12%
Mack Rides Silverpony Express
12%
Maurer Sky Spin
12%
Sunkid Adlerflug
8%
Wiegand Allgau Coaster
8%
Wiegand Alpine Coaster
8%
Wiegand Blomberg-Blitz
8%
I.E. Park Blombini Express
8%
Wiegand Bob Kart
8%
Wiegand Boderitt
8%
Sunkid Bumerang
8%
Vekoma Devil's Mine
8%
Zierer Drachen Achterbahn
8%
Wiegand Drachenblitz
8%
Gerstlauer Drachenritt
8%
SBF Drachenwirbel
8%
DAL amusement Ride Compagny Eifel Blitz
8%
Brandauer Erlebnis Rodelbahn Ruhla
8%
Zierer Familienachterbahn
8%
Zierer FamilienAchterbahn
8%
SBF Family coaster
8%
SBF Family Launch Coaster
8%
SBF Flotter Otto
8%
Wiegand Frankenbob
8%
Zierer Froschbahn
8%
Mack Rides Gletscherblitz
8%
Mack Rides Gobbi Express
8%
Gerstlauer Gold Rusher
8%
Ride Engineers Switzerland Gozimba
8%
SBF GraviTrax
8%
SBF Holta Di Polta
8%
Gerstlauer Huracanito
8%
SBF Kaffeekannen-Express
8%
unknown Kangaroo Racer
8%
SBF Kids Spin
8%
Unknown Knollis Mais Express
8%
Unknown Knollis mini K2
8%
Unknown Knollis Mini K2
8%
Sunkid Pendelbahn
8%
Sunkid Pirate Fly
8%
Zierer Piraten Spinner
8%
Zierer Plohseidon
8%
SBF Rally
8%
Sunkid Schmetterlings-Pendelbahn
8%
Wiegand Speed Bob
8%
Vekoma Speedsnake
8%
SBF Spinning coaster
8%
Sunkid Star Shuttle
8%
SBF Taka Waka
8%
Wiegand Trapper Slider
8%
SBF Verrucktwarts
8%
Wiegand Wie-Flyer
8%
Zeirer Wilde Biene
8%
Mack Rides Wilde Maus
8%
Guven Amusement Rides Factory Willi der Wurm
8%
Gerstlauer Ziegelblitz
8%
Wiegand Allwetterbobbahn
4%
Wiegand Alpine Coaster Bahn
4%
Wiegand Alpsee Coaster
4%
Wiegand Alpspitz coaster
4%
Wiegand Altmuhlbob
4%
Wiegand Barenbob
4%
Technical Park Batukai Racer
4%
Wiegand Bayerwald Coaster
4%
Sunkid Bergbauhunt
4%
SBF Berg und Tal Hetz
4%
Wiegand Blizzard
4%
Wiegand BocksBergBob
4%
Sunkid Bockwurstschleuder
4%
Wiegand Chiemgau Coaster
4%
Wiegand Coasterbahn
4%
Wiegand Coaster Ochsenkopf
4%
Gerstlauer Cobra des amun ra
4%
Zierer Dinolino
4%
Wiegand Silberberg Coaster
4%
Gerstlauer Erli Seifenkiste
4%
Zierer Eulenblitz
4%
Wiegand Fröschbrunna Coaster
4%
Wiegand Harzbob
4%
Brandauer HerrlohBlitz
4%
Gerstlauer Hilly Billy Race
4%
Wiegand Hollencoaster
4%
Zierer Holzwurm Achterbahn
4%
Wiegand Inselrodelbahn Bergen
4%
Brandauer Jaudenhang Flitzer
4%
Gerstlauer Kiddy Racer
4%
Unknown Kinderachterbahn
4%
SBF Kuhddel Muuuhddel
4%
Wiegand Kurpfalz Coaster
4%
Wiegand Lost World
4%
SBF Marienkafer
4%
Zierer Marienkaferbahn
4%
Wiegand Moselbob
4%
Wiegand Natur bobbahn
4%
Gerstlauer Oachkatzl
4%
Wiegand Odenwaldbob
4%
Brandauer Oedbergflitzer
4%
Wiegand O'thal Coaster
4%
Zamperla Papa Wutz Achterbahn
4%
SBF Poggy's Wolken-Express
4%
Zierer Potts Blitz
4%
SBF Racing Coaster
4%
Wiegand Rhonbob
4%
Sunkid Sabelsaurus
4%
SBF Safari Blitz Kids
4%
Wiegand Schanzen Wirbel
4%
Wiegand Scharmutzelbob
4%
Wiegand Schone Aussicht
4%
Gerstlauer Seifenkiste
4%
SBF Silber Mine
4%
Wiegand Silbersee Bob
4%
Wiegand Spacerunner
4%
Wiegand Speed Coaster
4%
Wiegand Sternrodler
4%
SBF Strohnado
4%
Abc Rides Turbo Drachen
4%
DPV Rides Wattwurm
4%
ART Wichtelexpress
4%
ART Bibi and Tina
0%
Wiegand Bob Coaster
0%
Wiegand Bobkartbahn
0%
Wiegand Bobrodelbahn
0%
ART Braus & Saus
0%
Wiegand BRIO Metro
0%
Sunkid Goldminen Express
0%
Zierer Marienkafer Hochbahn
0%
Unknown Oskar Rappelkiste
0%
Zierer Volgwuide Sepp
0%
Unknown Zum Rittersturz
0%
Aucun quiz correspondant
Distribution des résultats
% des personnes avec chaque résultat
Percentile par nombre de réponses
Votre historique - résultats
Vous n’avez pas pris ce quiz